000 00895cam a2200145ua 4500
041 _aeng
_h
082 _a628.352
_bIND/SP
110 1 _aIndian standards institution .
_bISI
_c()
245 _aSpecification for pre-cast concrete septic tanks, IS:9872-1981 /
_cIndian standards institution.
_hTextual Documents
260 _a :
_bISI ,
_c1981.
300 _a14 ; .
504 _a
942 _cBK
999 _c4167
_d4167